000 01457nam a2200313 c 4500
003 BLK
005 20180422112231.0
008 180409b bul|||||r ||||||| ||bul||
010 _aKNG00145834000
040 _aBLK
041 _aBUL
_cBUL
080 _aБългарска литература
_b821.163.2
_x-93-32
_z821.163.2-93-32
100 1 _aЗеленгоров, Владимир
_eпърви автор
_gСимеонов, Владимир Иванов
_969597
700 1 _aТузсузова, Нева
_eкарт. нарис.
_9367295
700 1 _aСимеонов, Владимир Иванов
_e*
_9326867
139 _aЗеленгоров, Владимир
_bЗ 52
245 1 0 _aМомчето и рекичката
_bРазказ
_cВладимир Зеленгоров; карт. нарис. Нева Тузсузова; * Владимир Иванов Симеонов.
257 _aBGR
260 София
_bсп. Славейче
_c1964
300 _a16 с.
_bс ил.
_c15 см
380 _aDX
490 1 _aБиблиотека Славейче
_vГ. VII, кн. 9
500 _aВладимир Зеленгоров е псевдоним на Владимир Иванов Симеонов. - 80 000 тир.
852 _aЦб І 34847
856 4 _qpdf
_u
856 4 _qpdf
_u
942 _cKNG
_n0
944 _aCR
_c15.07.2013
_l15.07.2013 - от С1,Р / 15.07.2013
_kЕлиза_Атанасова
944 _aED
_c15.07.2013
_l15.07.2013 - от С1,Р / 15.07.2013
_k
999 _c139784
_d139784